000 00812nam a2200193 a 4500
001 BRCA_2079
005 20190320203647.0
008 080808s2005----mx-a---###---#000-0#spa-#
050 4 _aF1226
_b.B53 2005
100 1 _aBustamante, Carlos María de
_d1774-1848
_9555
245 1 0 _aApuntes para la historia del gobierno del general d. Antonio López de Santa-Anna, desde principios de octubre de 1841 hasta 6 de diciembre de 1844
_cCarlos María de Bustamante.
260 _aMéxico
_bBiblioteca Mexicana de la Fundación Miguel Alemán
_c2005
300 _a460 p.
_bil.
_c21 cm.
500 _aIncluye índice onomástico
500 _aFacsímil de la edición mexicana de 1845
600 1 4 _aSanta Anna, Antonio López de
_d1795-1876
_xHistoria
_y1821-1861
_96318
651 4 _aMéxico
_xHistoria
_9614
942 _2lcc
_cB
999 _c1836
_d1836